Loading...
| Religion | 0 | 3 | 1 | 0 | 25 | 66 | 87.67 | 0 | 1 |
| Literature - World/Other Literature | 0 | 2 | 0 | 1 | 20 | 125 | 131.50 | 0 | 0 |
| Science - Biology | 0 | 2 | 0 | 1 | 20 | 105 | 115.50 | 0 | 0 |
| Science - Other Science | 0 | 2 | 1 | 0 | 15 | 68 | 95.00 | 0 | 1 |
| Pop Culture | 0 | 1 | 0 | 0 | 10 | 77 | 77.00 | 0 | 1 |
| Social Science | 0 | 1 | 0 | 1 | 10 | 150 | 150.00 | 0 | 0 |
| Fine Arts - Other Fine Arts | 0 | 1 | 0 | 1 | 10 | 135 | 135.00 | 0 | 0 |
| History - American History | 0 | 1 | 0 | 1 | 10 | 129 | 129.00 | 0 | 1 |
| Mythology | 0 | 1 | 0 | 0 | 10 | 55 | 55.00 | 0 | 0 |
| Science - Physics | 0 | 1 | 0 | 1 | 10 | 82 | 82.00 | 0 | 0 |
| Fine Arts - Classical Music | 0 | 1 | 0 | 0 | 10 | 92 | 92.00 | 0 | 1 |
| Fine Arts - Visual Fine Arts | 0 | 0 | 1 | 0 | -5 | 0.00 | 0 | 0 | |
| Literature - American Literature | 0 | 0 | 1 | 0 | -5 | 0.00 | 0 | 0 | |
| History - European History | 0 | 0 | 1 | 0 | -5 | 0.00 | 0 | 0 |